| 000 | 00546nam a2200181Ia 4500 | ||
|---|---|---|---|
| 001 | 54556 | ||
| 008 | 120320n ii |||gr||||Z||||||465 | ||
| 020 | _a978-81-8387-250-8 | ||
| 082 | _a306 | ||
| 100 |
_aSrivastava., _eSachchidanananda Vinay Kumar. |
||
| 245 | 0 |
_aSocial Anthropology in Eastern India _cSachchidananda Vinay Kumar Srivastava _hTextual Documents |
|
| 250 | _aIst ed-2009. | ||
| 260 |
_aNew Delhi _bSerials Publications |
||
| 300 |
_a297p: _c23cm. |
||
| 653 | _aSociology-Anthropology | ||
| 653 | _aG-Sociology | ||
| 942 |
_2ddc _cBK |
||
| 999 |
_c54513 _d54513 |
||